00345nam a2200121Ia 4500008004100000040001500041041001200056082001700068100002100085245006600106260003500172300001600207230917s9999||||xx |||||||||||||| ||und|| e8888aMAIN aEnglish a327.47 H675S aHoffmann, Erik P 0aScientific technological revolution and Soviet foreign policy aNew YorkbPergamon Pressc1982 axiv, 241 p.